Piłkarze Sportingu Lizbona - nagła śmierć - Statystyki

Ogólne statystyki
  • Ten quiz został rozwiązany 110 razy
  • Średni wynik to 10 z 20
Answers on the Grid
Answers color-coded by a green-red scale on the quiz's grid according to % correct below.
Cristiano Ronaldo
Lamine Yamal
Luís Figo
Raphinha
Erling Haaland
Zlatan Ibrahimović
Bruno Fernandes
Iker Casillas
Viktor Gyökeres
Rafael Leão
Jan Bednarek
Alisson
Nani
Santi Cazorla
João Palhinha
Joshua Kimmich
Robin van Persie
Ricardo Quaresma
Frank Rijkaard
João Moutinho
Thiago Silva
Matheus Nunes
Fernando Torres
Mario Balotelli
Fábio Coentrão
John Obi Mikel
Adrien Silva
Raul Meireles
Rui Patrício
Héctor Bellerín
Javier Hernández
Peter Schmeichel
Riccardo Montolivo
Manuel Ugarte
Ricardo Carvalho
Raúl
William Carvalho
Andrea Barzagli
Pedro Porro
Kingsley Coman
 
Statystyki odpowiedzi
Odpowiedź % Poprawnych
Cristiano Ronaldo
96%
Viktor Gyökeres
81%
Bruno Fernandes
72%
Nani
66%
Luís Figo
65%
João Palhinha
59%
Raphinha
59%
Matheus Nunes
55%
Ricardo Quaresma
54%
João Moutinho
53%
Fábio Coentrão
52%
Rafael Leão
49%
Adrien Silva
42%
Rui Patrício
42%
William Carvalho
41%
Pedro Porro
38%
Manuel Ugarte
32%
Héctor Bellerín
18%
Peter Schmeichel
8%
Frank Rijkaard
1%
Nie znaleziono quizów pasujących do podanych kryteriów
Rozkład punktacji
Procent ludzi z każdym wynikiem
Percentyl według liczby udzielonych odpowiedzi
Twoja historia wyników
Nie rozwiązałeś tego quizu